000
00260nam a2200097Ia 4500
008
200302s9999 xx 000 0 und d
100
_a
Chintaman Hari Khadilkar
245
_a
The Art of Designing Part 1
260
_b
Prabhawati Chintaman Khadilkar
300
_a
102 P.,
999
_c
237
_d
237